UBT Library

PRESENT YOUR TO THE TOP (Record no. 25506)

000 -LEADER
fixed length control field 00294nam a22001337a 4500
008 - FIXED-LENGTH DATA ELEMENTS--GENERAL INFORMATION
fixed length control field 170830b xxu||||| |||| 00| 0 eng d
020 ## - INTERNATIONAL STANDARD BOOK NUMBER
International Standard Book Number 9780071739948
041 ## - LANGUAGE CODE
Language code of text/sound track or separate title eng
080 ## - UNIVERSAL DECIMAL CLASSIFICATION NUMBER
Universal Decimal Classification number 070
100 ## - Rafti
Rafti 39
101 ## - Shkurtesa
Shkurtesa MED
245 ## - TITLE STATEMENT
Title PRESENT YOUR TO THE TOP
Statement of responsibility, etc DEMPSEY,D.J
942 ## - ADDED ENTRY ELEMENTS (KOHA)
Source of classification or shelving scheme
Item type Books

No items available.

UBT Library © 2015-2024. All rights reserved University Education for Business and Technology